| 000 | 00734nam a2200193 i 4500 | ||
|---|---|---|---|
| 001 | 136330 | ||
| 003 | ES-MaACL | ||
| 005 | 20230906195106.0 | ||
| 007 | t| | ||
| 008 | 070214s1954 sp r ||||1| spa d | ||
| 100 | 1 |
_aRumor, C. _9100994 |
|
| 245 | 1 | 0 |
_aManual teórico-práctico de calefacción, ventilación, acondicionamiento, instalaciones sanitarias / _cC. Rumor y G. Strohmenger ; traducción de la sexta edición en italiano por Ramón Fortet Gay. |
| 260 |
_aBarcelona : _bHoepli, _c1954. |
||
| 300 |
_aXXVII, 499 p. : _bil. ; _c16 cm + _e2 gráf. pleg. |
||
| 650 | 4 |
_aInstalaciones sanitarias. _9150974 |
|
| 700 | 1 |
_aStrohmenger, G. _9108449 |
|
| 700 | 1 |
_aFortet Gay, Ramón. _951856 |
|
| 852 |
_aES-MaACL _jC-8562 _bR.36743 |
||
| 999 |
_c136330 _d136330 |
||